| 000 | 00681nam a2200181 a 4500 | ||
|---|---|---|---|
| 005 | 20251211101326.0 | ||
| 008 | 991125s1997 fr 000 0 eng u | ||
| 035 | _aUPN01000013568 | ||
| 049 | _aCG | ||
| 050 | 4 |
_aLC94 A2 _bG62 |
|
| 100 | 1 |
_aGovinda, Rangachar, _d1947- _935736 |
|
| 245 | 1 | 0 |
_aDecentralization of educational management : _bexperiences from South Asia ; with case studies from : Bangladesh, India, Nepal, Pakistan, Sri Lanka / _cR. Govinda. |
| 260 |
_aParís : _bUNESCO, International Institute for Educational Planning, _c1997. |
||
| 300 | _a283 p. | ||
| 650 | 4 |
_aEducación primaria _zAsia sudoriental _918796 |
|
| 650 | 4 |
_aEducación y Estado _919 |
|
| 905 | _aLibro | ||
| 999 |
_c13568 _d13568 |
||